| 000 | 01310cad a22002415a 4500 | ||
|---|---|---|---|
| 001 | L143395 | ||
| 008 | 080502e20080312xxk f 000 0 eng d | ||
| 020 | _a9781842193747 | ||
| 035 | _a(Sirsi) u143395 | ||
| 041 | 0 | _aeng | |
| 050 | 0 | 4 | _a526.9 $2 18 |
| 110 | 2 |
_aRoyal Institution of Chartered Surveyors _94900 |
|
| 245 | 0 | 4 |
_aThe potential of Synthetic Aperture Radar for assessing carbon storage in savanna woodlands _h[electronic resource] |
| 260 |
_aLondon _bRICS _c2008 |
||
| 490 | 0 |
_aRICS Research Paper Series _v7(18) |
|
| 520 | _aReports on a project which aims to examine the usefulness of radar remote sensing as a tool to map and quantify the amount of carbon stored in forests. This offers the possibility for a continuous, non-destructive and relatively inexpensive method for measuring and monitoring vegetation over wide areas. Identifies specific technical issues with the technique and attempts to draw conclusions so that the body of research in the area can be taken forward. | ||
| 521 | 2 | _aAdvanced | |
| 590 | _aKA | ||
| 651 | 4 | _aInternational | |
| 690 | _aENVIRONMENTAL AND LAND CONSULTANCY-GEOMATICS-GEOGRAPHIC INFORMATION SCIENCE | ||
| 856 | 4 | 0 |
_uhttps://www.rics.org/site/scripts/download_info.aspx?downloadID=3143 _zView the item free of charge at www.rics.org... |
| 942 | _n0 | ||
| 999 |
_c108142 _d108142 |
||